000 00848nab a2200253 u 4500
001 20929
003 HDC
007 cr bn ---aaaaa
008 210307b2014mmddmy d||ne||||| 00| 0 may d
040 _aHDC
100 _aFadzil Zainol
_98154
245 0 _aPNS, Biotech Corp bangunkan francais BioShoppe
_c/ Fadzil Zainol
260 _aMalaysia:
_bMedia Mulia,
_c2014
300 _a1 online resource (pages 8)
336 _atext
_2rdacontent
337 _acomputer
_2rdamedia
338 _aonline resource
_2rdacarrier
650 _aPharmaceutical technology
_xAutomation
_918723
710 _aUtusan Malaysia
856 _zRequest full-text at [email protected]
942 _2lcc
942 _cNEWS
942 _kNWSC 002653
999 _c18245
_d18245